[Event "ICS rated blitz match"]
[Site "207.99.83.227"]
[Date "1999.05.17"]
[Round "?"]
[White "tol4511"]
[Black "Hossa"]
[Result "1-0"]
[WhiteElo "2190"]
[BlackElo "2506"]
[Annotator "Crafty v16.6"]
[PlyCount "142"]

{annotating for player ossa using a scoring margin of +0.20 pawns. search time
limit is 1:00} 1. e4 1... e5 2. Nc3 Bb4 3. Bc4 Nf6 4. Nf3 Nc6 5. O-O d6 6. d3
O-O 7. Bg5 Bxc3 8. bxc3 Be6 ({10:-0.81} 8... Be6 9. Bxe6 fxe6 10. Qe2 h6 11.
Be3 Ng4 12. Rab1 b6 13. Bd2 13... Qf6 $16) ({10:-0.41} 8... Bg4 9. h3 Bd7 10.
Bb5 a6 11. Ba4 Rb8 12. Bxc6 Bxc6 13. c4 13... Qe7 $14) 9. Nd2 h6 10. Bxe6 fxe6
11. Bh4 Qe8 ({11:-0.81} 11... Qe8 12. Bxf6 Rxf6 13. Rb1 b6 14. Qe2 Rd8 15. a3
d5 16. a4 Rf4 17. c4 dxe4 18. Nxe4 $16) ({11:-0.46} 11... g5 12. Bg3 h5 13. f3
Rb8 14. c4 h4 15. Bf2 h3 16. gxh3 16... Qe7 $14) 12. Rb1 Rb8 ({11:-0.72} 12...
Rb8 13. Bxf6 gxf6 14. Qg4+ Kh7 15. Qh3 f5 16. Rfe1 fxe4 17. Nxe4 Qg6 18. Qe3
Qg4 19. d4 $16) ({12:-0.48} 12... g5 13. Bg3 h5 14. f3 Rb8 15. Qe2 h4 16. Bf2
Qh5 17. Be3 g4 18. c4 gxf3 19. Nxf3 $14) 13. c4 Qh5 14. Nf3 Qg4 ({12:-0.46} 
14... Qg4 15. Qe1 Nh5 16. h3 Qf4 17. Bg3 Qf6 18. c3 Nf4 19. Bxf4 Qxf4 20. Qe2
20... g6 $14) ({12:-0.10} 14... Nd4 15. Nxd4 exd4 16. Bg3 Qxd1 17. Rfxd1 Nh5
18. Kf1 Nf4 19. Bxf4 Rxf4 20. g3 Rf6 21. Ke2 21... Kf7 $10) 15. h3 Qg6 16. Re1
Nh5 17. c3 b6 ({10:-0.63} 17... b6 18. Re3 a6 19. a4 Qe8 20. Nd2 Rf4 21. Bg3
Nxg3 22. Rxg3 22... Qd7 $14) ({10:-0.15} 17... Qf7 18. Qd2 a6 19. a4 g5 20. Bg3
Nxg3 21. fxg3 d5 22. exd5 exd5 23. Nxe5 Nxe5 24. Rxe5 24... dxc4 $10) 18. Rb2
Rf7 ({11:-0.50} 18... Rf7 19. Rb3 Nf4 20. Bg3 Rbf8 21. Re3 d5 22. Nd2 Na5 23.
Rb4 23... Qg5 $14) ({11:-0.21} 18... Qf7 19. Nh2 g5 20. Bg3 Nxg3 21. fxg3 Qg6
22. Nf3 Rbd8 23. Rf2 d5 24. exd5 exd5 25. Nxe5 Nxe5 26. Rxf8+ Kxf8 27. Rxe5
27... dxc4 $10) 19. Re3 Rbf8 20. Ne1 a6 21. Rf3 Rxf3 22. Nxf3 a5 ({11:-0.32} 
22... a5 23. Nh2 d5 24. exd5 exd5 25. cxd5 Nf4 26. Ng4 Nxd5 27. Qd2 Nf4 28. d4
exd4 29. cxd4 $14) ({11:-0.07} 22... Qf7 23. Nh2 g5 24. Bg3 Nxg3 25. fxg3 h5
26. Nf3 Qe7 27. Qd2 g4 28. Ng5 gxh3 29. gxh3 $10) 23. Ne1 Nf4 ({10:-0.33} 23...
Nf4 24. Bg3 Qf7 25. Bxf4 Qxf4 26. a4 Rf6 27. Nf3 g6 28. Rb5 28... Rf7 $14) ({
10:-0.03} 23... Qf7 24. f3 Nf4 25. Bg3 Qg6 26. Kh2 Qg5 27. h4 $10) 24. Kh2 Nb8
({10:-0.20} 24... Nb8 25. Qd2 Nd7 26. Kh1 Qf7 27. Kg1 d5 28. cxd5 exd5 29. c4
dxc4 30. dxc4 $10) ({10:+0.04} 24... Qh5 25. Qxh5 Nxh5 26. Bg3 Kf7 27. Nf3 Ke7
28. Rb5 Nf4 29. Bxf4 Rxf4 30. Kg3 $10) 25. f3 Qh5 26. Bg3 Qg5 27. Bf2 Nd7 28.
g3 Nh5 29. d4 Nhf6 30. Nd3 Qh5 ({9:-0.19} 30... Qh5 31. g4 Qe8 32. Kg1 exd4 33.
cxd4 Qf7 34. Qe2 g5 35. a4 $10) ({9:+0.02} 30... Nh5 31. Kg2 g6 32. h4 Qf6 33.
a4 exd4 34. cxd4 e5 35. Be3 $10) 31. Rb1 exd4 32. cxd4 e5 33. c5 bxc5 34. dxc5
Ne8 35. c6 Ndf6 36. Be3 Qg6 37. Rb5 Nxe4 38. fxe4 Qxe4 39. Qb3+ Kh8 40. Nf2
Qxc6 41. Rxa5 Rf3 42. Qd3 Nf6 43. Rb5 Nd7 44. a4 Qa8 45. Qe2 Qxa4 46. Qxf3 Qxb5
47. Qf7 Qc6 48. g4 Qc3 49. Bxh6 gxh6 50. Qe8+ Kg7 51. Qxd7+ Kh8 52. Qd8+ Kh7
53. Qe7+ Kg8 54. g5 hxg5 55. Qxg5+ Kf7 56. Qf5+ Ke7 57. Ng4 Qd4 58. h4 c6 59.
h5 Qc3 60. Qf6+ Kd7 61. Qf7+ Kc8 62. h6 Qd2+ 63. Kg3 Qe1+ 64. Kh3 Qh1+ 65. Nh2
Qc1 66. Qf8+ Kb7 67. h7 Qe3+ 68. Nf3 e4 69. h8=Q Qxf3+ 70. Qxf3 exf3 71. Qf8 d5
1-0

[Event "ICS rated blitz match"]
[Site "207.99.83.227"]
[Date "1999.05.17"]
[Round "?"]
[White "Hossa"]
[Black "SMJT"]
[Result "1-0"]
[WhiteElo "2478"]
[BlackElo "2279"]
[PlyCount "25"]

1. e4 e5 2. f4 exf4 3. Nf3 d5 4. Nc3 dxe4 5. Nxe4 f5 6. Nf2 g5 7. Qe2+ Kf7 8.
h4 g4 9. Qc4+ Kg7 10. Ne5 Nh6 11. Qxf4 Bd6 12. d4 Nc6 13. Qxh6+ {SMJT resigns}
1-0

[Event "ICS rated blitz match"]
[Site "207.99.83.227"]
[Date "1999.05.17"]
[Round "?"]
[White "lunarlander"]
[Black "Hossa"]
[Result "1-0"]
[WhiteElo "2122"]
[BlackElo "2486"]
[Annotator "Crafty v16.6"]
[PlyCount "148"]

{annotating for player ossa using a scoring margin of +0.20 pawns. search time
limit is 1:00} 1. e4 1... e5 2. Nf3 Nf6 3. Nxe5 Qe7 4. Nf3 Nxe4 ({10:-1.08} 
4... Nxe4 5. Be2 d5 6. O-O Bg4 7. d3 Nf6 8. Re1 Nc6 9. Bf1 $16) ({10:-0.04} 
4... Qxe4+ 5. Be2 Be7 6. O-O O-O 7. Nc3 Qg4 8. Ne5 Qd4 9. Nf3 9... Qf4 $10) 5.
Be2 Qd8 6. O-O Be7 7. d4 O-O 8. Re1 Nc6 9. Bd3 Nf6 10. c3 Re8 11. Qc2 d6 12.
Bg5 h6 13. Bh4 Bg4 14. Nbd2 Nd5 ({8:-0.39} 14... Nd5 15. Be4 Nf6 16. Bxf6 Bxf6
17. Bh7+ Kh8 18. Bf5 Bh5 19. Rxe8+ Qxe8 20. Re1 $14) ({8:-0.17} 14... Qd7 15.
b4 a6 16. a4 Nd5 17. Bh7+ Kh8 18. Be4 18... Nf4 $10) 15. Bxe7 Ncxe7 16. h3 Bh5
17. g3 Qd7 18. Kg2 Bg6 19. Bxg6 fxg6 ({10:-0.21} 19... fxg6 20. Re4 Nf6 21. Re2
Kh7 22. Rae1 Nf5 23. g4 Rxe2 24. Rxe2 24... Ne7 $10) ({10:+0.21} 19... Nxg6 20.
Rxe8+ Rxe8 21. Re1 Rxe1 22. Nxe1 Qe6 23. Qe4 Qxe4+ 24. Nxe4 f5 25. Nd2 Kf7 26.
c4 26... Nf6 $10) 20. Re2 Nf5 21. Rae1 Rxe2 22. Rxe2 Rf8 23. Qd3 Qa4 ({9:-0.75
} 23... Qa4 24. c4 Qa6 25. a3 Nf6 26. g4 Nd5 27. Re4 27... Nfe7 $16) ({9:-0.21
} 23... b5 24. Kg1 a5 25. Re4 Nf6 26. Re1 Re8 27. Rxe8+ Qxe8 28. g4 28... Ne7
$10) 24. a3 Nde7 ({10:-1.08} 24... Nde7 25. Qe4 d5 26. Qe6+ Kh7 27. g4 Rf6 28.
Qe5 Nc6 29. Qxd5 29... Qd1 $16) ({10:-0.49} 24... Qd7 25. c4 Nf6 26. d5 c6 27.
g4 Ne7 28. g5 hxg5 29. dxc6 bxc6 30. Nxg5 $14) 25. Qc4+ Qxc4 26. Nxc4 Nc6 27.
Ne3 Re8 28. Re1 Nxe3+ 29. Rxe3 Re7 30. d5 Rxe3 31. fxe3 Na5 32. Nd2 b5 33. b4
Nb7 34. e4 Kf7 35. Kf3 a6 36. Ke3 Kf6 37. Kd4 Nd8 38. Nf3 Nf7 39. c4 bxc4 40.
Kxc4 Ne5+ 41. Nxe5 Kxe5 42. Kd3 Kf6 43. Kd4 Ke7 44. e5 dxe5+ 45. Kxe5 Kd7 46.
a4 Ke7 47. b5 a5 48. d6+ cxd6+ 49. Kd5 Kd7 50. b6 g5 51. g4 g6 52. b7 Kc7 53.
b8=Q+ Kxb8 54. Kxd6 Ka7 55. Kc5 Ka6 56. Kc6 Ka7 57. Kb5 Kb7 58. Kxa5 Kb8 59.
Kb5 Kb7 60. Kc5 Kc7 61. Kd5 Kd7 62. Ke5 Ke7 63. a5 Kd7 64. Kf6 Kc6 65. Kxg6 Kd5
66. Kxh6 Kc6 67. Kxg5 Kd5 68. h4 Ke5 69. h5 Ke4 70. h6 Kd5 71. h7 Kc6 72. h8=Q
Kd6 73. Qe8 Kd5 74. Qe7 Kc4 1-0

[Event "ICS rated blitz match"]
[Site "207.99.83.227"]
[Date "1999.05.17"]
[Round "?"]
[White "Hossa"]
[Black "OVI68"]
[Result "1-0"]
[WhiteElo "2419"]
[BlackElo "2249"]
[PlyCount "127"]

1. e4 d6 2. d4 Nf6 3. Nc3 g6 4. Nf3 Bg7 5. Be2 O-O 6. O-O Nc6 7. d5 Nb8 8. Re1
Nbd7 9. Ng5 h6 10. Nf3 e5 11. Bd2 Nc5 12. Qc1 Kh7 13. Bd1 a5 14. a3 a4 15. Rb1
c6 16. Ra1 cxd5 17. exd5 Nfd7 18. Be3 f5 19. Rb1 Qa5 20. Bd2 Qb6 21. Re2 e4 22.
Ne1 Ne5 23. Kh1 Nc4 24. Bf4 g5 25. Be3 Nxe3 26. fxe3 Qa5 27. Rf2 Bxc3 28. bxc3
Qxc3 29. Be2 Bd7 30. Rf1 b5 31. g3 Rab8 32. Ng2 Qe5 33. Qd2 Kg6 34. Rb4 Rh8 35.
Rd4 h5 36. Rb4 Be8 37. Rbb1 Bf7 38. Bxb5 Bxd5 39. Rfd1 Ba2 40. Qxd6+ Qxd6 41.
Rxd6+ Ne6 42. Rb4 Rhd8 43. Rxd8 Rxd8 44. h4 Rd1+ 45. Kh2 Rd2 46. Bxa4 f4 47.
Be8+ Kf6 48. exf4 gxf4 49. Kh3 f3 50. Ne3 Nd4 51. Bxh5 Be6+ 52. g4 Ne2 53. Rxe4
Nf4+ 54. Rxf4+ Ke5 55. Rxf3 Ke4 56. Rg3 Re2 57. Bg6+ Kf4 58. Ng2+ Ke5 59. Re3+
Rxe3+ 60. Nxe3 Kf4 61. Bf5 Ba2 62. Ng2+ Ke5 63. h5 Bd5 64. h6 {OVI68 resigns}
1-0

[Event "ICS rated blitz match"]
[Site "207.99.83.227"]
[Date "1999.05.17"]
[Round "?"]
[White "WhiteKnights"]
[Black "Hossa"]
[Result "1-0"]
[WhiteElo "2302"]
[BlackElo "2428"]
[Annotator "Crafty v16.6"]
[PlyCount "92"]

{annotating for player ossa using a scoring margin of +0.20 pawns. search time
limit is 1:00} 1. e4 1... e5 2. Nf3 Nf6 3. d4 exd4 4. e5 Ne4 5. Qe2 Nc5 6. Nxd4
Nc6 7. Nxc6 bxc6 ({10:-0.26} 7... bxc6 8. Nc3 Ba6 9. Qg4 Bxf1 10. Kxf1 Ne6 11.
Be3 Rb8 12. Na4 12... Rb4 $10) ({10:-0.05} 7... dxc6 8. Nc3 Be7 9. Bd2 O-O 10.
Qe3 Bg4 11. f3 Bf5 12. O-O-O $10) 8. Nc3 Be7 9. Qh5 O-O ({10:-0.39} 9... O-O
10. Be2 d6 11. O-O Rb8 12. Rd1 Bd7 13. Bc4 d5 14. Be2 $14) ({10:-0.17} 9... d5
10. exd6 cxd6 11. Be2 Bf6 12. O-O O-O 13. Bf3 Bb7 14. Ne4 Bd4 15. Nxc5 15...
Bxc5 $10) 10. Be2 Rb8 11. O-O f6 ({9:-0.89} 11... f6 12. Bc4+ Ne6 13. exf6 Bxf6
14. Bxe6+ dxe6 15. Qc5 Rb6 16. Rd1 Qe7 17. Qc4 17... Bb7 $16) ({9:-0.33} 11...
d6 12. b3 Rb4 13. Bc4 Be6 14. Ba3 Bxc4 15. Bxb4 Bxf1 16. Rxf1 $14) 12. Bc4+ Kh8
({9:-1.52} 12... Kh8 13. Bf7 h6 14. exf6 Bxf6 15. Qxc5 Rxf7 16. Qxa7 Rb6 17.
Qa5 $18) ({9:-0.82} 12... Ne6 13. exf6 Bxf6 14. Bxe6+ dxe6 15. Rd1 Qe7 16. Rd3
Qe8 17. Qc5 Ba6 18. Rg3 $16) 13. exf6 Rxf6 14. Bg5 Rxb2 ({10:-1.76} 14... Rxb2
15. Bxf6 Bxf6 16. Rae1 Ne6 17. Na4 g6 18. Qd1 Rb4 19. Bxe6 19... dxe6 $18) ({
10:-0.91} 14... Rg6 15. Bxe7 Qxe7 16. Rfe1 Ne6 17. b3 Qg5 18. Qxg5 Rxg5 19.
Bxe6 dxe6 20. Rad1 20... Kg8 $16) 15. Bxf6 Bxf6 16. Rae1 Ne6 17. Na4 g6 ({
10:-2.16} 17... g6 18. Qf3 Rxc2 19. Qd3 Rxc4 20. Qxc4 Bd4 21. Re2 Qh4 22. Rfe1
$18) ({10:-1.62} 17... Rb4 18. Bxe6 dxe6 19. Qa5 Rc4 20. Qxa7 Rxc2 21. Rd1 Qe7
22. Qb8 22... Qe8 $18) 18. Qa5 Rxc2 ({10:-2.44} 18... Rxc2 19. Bb3 Nd4 20. Bxc2
Nxc2 21. Rc1 Nd4 22. Rfe1 Bg5 23. Qe5+ 23... Qf6 $18) ({10:-1.99} 18... Rb7 19.
Bxe6 dxe6 20. c4 Qd4 21. Nc5 Rb6 22. Nxe6 Qxc4 23. Nxc7 23... Rb2 $18) 19. Bb3
Nd4 20. Bxc2 Nxc2 21. Rd1 Nd4 ({11:-2.98} 21... Nd4 22. Qxa7 Ne2+ 23. Kh1 d5
24. Qe3 Ba6 25. Rfe1 Bg5 26. Qe5+ Bf6 27. Qe6 Qd6 28. Qf7 $18) ({11:-2.26} 
21... d5 22. Qxa7 Bf5 23. Rd2 Qd6 24. Rc1 Qf4 25. Rdxc2 Bxc2 26. Qa8+ Kg7 27.
Rxc2 $18) 22. Qxa7 Nb5 ({10:-3.44} 22... Nb5 23. Qc5 Kg7 24. Rfe1 Qf8 25. Qe3
d5 26. Rd2 Bg4 27. Nc5 $18) ({10:-3.08} 22... Ne2+ 23. Kh1 d5 24. Rb1 Nd4 25.
Rb8 Nf5 26. Rd1 Nd6 27. Qe3 Nf5 28. Qf4 $18) 23. Qc5 Qg8 ({10:-3.52} 23... Qg8
24. Rfe1 Qf7 25. a3 Kg8 26. Re3 Bh4 27. Re4 d6 28. Qe3 $18) ({10:-3.26} 23...
Kg7 24. Rfe1 Qf8 25. Qc4 Qf7 26. Qc2 Bd4 27. Re4 d5 28. Rexd4 Nxd4 29. Rxd4 $18
) 24. Rfe1 Qf7 ({9:-3.44} 24... Qf7 25. Re2 Nd6 26. Qa5 Nb5 27. Qe1 Kg7 28. Re8
28... Bb7 $18) ({9:-3.21} 24... Kg7 25. Rd2 Qf7 26. Qc2 Na3 27. Qe4 d5 28. Qf4
28... Nc4 $18) 25. Rd2 Qg8 ({10:-3.66} 25... Qg8 26. Rd3 Kg7 27. Rf3 Qf7 28.
Rxf6 Qxf6 29. Re7+ Kg8 30. Re8+ Kg7 31. Rxc8 $18) ({10:-3.20} 25... Kg7 26. Qc2
Na3 27. Qd3 Nc4 28. Rde2 d5 29. Nc5 Bf5 30. Qf3 $18) 26. Rd3 Qf7 ({9:-3.36} 
26... Qf7 27. a3 Kg7 28. Qc1 Nd4 29. Qd2 Qc4 30. Re8 Qxa4 31. Rxc8 $18) ({
9:-3.15} 26... Kg7 27. a3 Qf8 28. Qe3 d5 29. Nc5 Bd4 30. Rxd4 30... Qxc5 $18)
27. Qe3 Nd6 ({10:-3.51} 27... Nd6 28. a3 g5 29. Rdd1 Qc4 30. Qa7 Bd8 31. Rd4
Qc2 32. Nc5 $18) ({10:-2.97} 27... Kg7 28. Nc5 d6 29. Ne4 c5 30. a4 c4 31. Rdd1
Bg4 32. Rb1 $18) 28. a3 Ba6 29. Rdd1 Bc4 30. Nc5 Bd5 ({10:-3.70} 30... Bd5 31.
Qf4 Kg7 32. a4 h5 33. Qg3 Kg8 34. Nxd7 Qxd7 35. Qxg6+ 35... Qg7 $18) ({10:-3.33
} 30... Qg7 31. Ne4 Nxe4 32. Qxe4 Be6 33. Qf4 Be7 34. Qxc7 Bxa3 35. Qb8+ Qg8
36. Qf4 $18) 31. Rb1 Kg7 32. Qd3 Nb5 33. a4 Bd4 34. Qg3 Nd6 35. Rbc1 Bc4 36.
Ne4 Bb3 37. a5 Nxe4 38. Rxe4 c5 39. Rce1 Be6 40. a6 Kg8 41. a7 Qe8 42. Qxc7 Qf8
43. Rf4 Bf6 44. Qb8 Qxb8 45. axb8=Q+ Kg7 46. Rxf6 Kxf6 1-0

[Event "ICS rated blitz match"]
[Site "207.99.83.227"]
[Date "1999.05.17"]
[Round "?"]
[White "WhiteKnights"]
[Black "Hossa"]
[Result "0-1"]
[WhiteElo "2477"]
[BlackElo "2421"]
[PlyCount "97"]

1. e4 e5 2. Nf3 Nf6 3. d4 exd4 4. e5 Ne4 5. Qe2 Nc5 6. Nxd4 Nc6 7. Nxc6 bxc6 8.
Nc3 Be7 9. Qh5 d5 10. Be2 d4 11. Bf3 dxc3 12. Bxc6+ Bd7 13. Bxa8 Qxa8 14. O-O
Qe4 15. Qd1 Bf5 16. bxc3 O-O 17. Re1 Qh4 18. Ba3 Rd8 19. Qe2 Qa4 20. Bxc5 Bxc5
21. Red1 Rxd1+ 22. Qxd1 Qh4 23. Qd2 Be4 24. Rb1 h6 25. Rb8+ Kh7 26. Qe2 Qf4 27.
Rb5 Bb6 28. h4 Qc1+ 29. Kh2 Qf4+ 30. Kg1 c5 31. h5 Kg8 32. Rb1 Bd5 33. a3 Qg5
34. g3 c4 35. Kf1 Qf5 36. Rb4 Bc7 37. Ra4 Bf3 38. Qxc4 Qxc2 39. Kg1 Qd1+ 40.
Qf1 Qxa4 41. Qd3 Qg4 42. Kf1 Qxh5 43. Ke1 Qh1+ 44. Qf1 Bxe5 45. Qxh1 Bxc3+ 46.
Kf1 Bxh1 47. Ke2 Bc6 48. f3 Bb2 49. a4 {WhiteKnights resigns} 0-1

[Event "ICS Rated blitz match"]
[Site "207.99.83.227"]
[Date "1999.05.17"]
[Round "?"]
[White "Hossa"]
[Black "Data"]
[Result "0-1"]
[WhiteElo "2417"]
[BlackElo "2838"]
[Annotator "Crafty v16.6"]
[PlyCount "81"]

{annotating for player ossa using a scoring margin of +0.20 pawns. search time
limit is 1:00} 1. e4 1... c5 2. Nc3 e6 3. Nf3 Nc6 4. Bb5 Nd4 5. O-O a6 6. Ba4 (
{10:-0.88} 6. Ba4 6... Nxf3+ 7. Qxf3 b5 8. Nxb5 axb5 9. Bxb5 Bb7 10. d3 Ra5 11.
Bc4 11... Nf6 $17) ({10:+0.42} 6. Bd3 6... Bd6 7. Nxd4 cxd4 8. Ne2 Qh4 9. g3
Qf6 10. Bc4 Ne7 11. Re1 $14) 6... Nxf3+ 7. Qxf3 b5 8. Nxb5 axb5 9. Bxb5 Bb7 10.
Qe2 ({10:-1.28} 10. Qe2 10... Qh4 11. d3 Be7 12. Qe3 Nf6 13. Qg5 Ng4 14. Qxh4
Bxh4 15. Bf4 $17) ({10:-0.88} 10. d3 10... Bd6 11. Qg4 Be5 12. c3 Qc7 13. Kh1
Ra5 14. Bc4 14... Ne7 $17) 10... Qh4 11. d3 Be7 12. e5 Nh6 13. a3 Rd8 14. d4
cxd4 15. Bxh6 Qxh6 16. Rfd1 Qg5 17. g3 f6 18. f4 Qf5 19. Bd3 Qh3 20. Qf1 ({
10:-2.71} 20. Qf1 20... Qxf1+ 21. Rxf1 fxe5 22. fxe5 Bg5 23. h3 Ke7 24. b4 Be3+
25. Kh2 d6 26. exd6+ Rxd6 27. b5 27... e5 $19) ({10:-2.15} 20. Be4 20... Bc5
21. Kh1 Bxe4+ 22. Qxe4 Rb8 23. exf6 gxf6 24. b4 Bb6 25. Qg2 Qf5 26. a4 $19)
20... Qxf1+ 21. Rxf1 fxe5 22. fxe5 Bg5 23. h3 Be3+ 24. Kh2 Ke7 25. b3 d6 26.
exd6+ Rxd6 27. Rae1 ({11:-2.92} 27. Rae1 27... Rdd8 28. a4 Rdf8 29. c4 Rf3 30.
Rxf3 Bxf3 31. a5 Rb8 32. Rb1 32... h5 $19) ({11:-2.67} 27. a4 27... e5 28. a5
Ra8 29. b4 Bd5 30. Rf5 Ke6 31. Raf1 e4 32. Bb5 $19) 27... e5 28. c3 ({11:-3.28
} 28. c3 28... Rc8 29. cxd4 exd4 30. Bc4 Bd5 31. Bxd5 Rxd5 32. Rf2 Kd6 33. Rfe2
Rc3 34. Rb2 $19) ({11:-2.83} 28. a4 $19) 28... Rc8 29. cxd4 exd4 30. Bc4 Bd5
31. Bxd5 Rxd5 32. Re2 Rc3 33. Rb2 d3 34. Rbb1 d2 35. Rbd1 Rxb3 36. a4 Rb4 37.
Rf3 Bh6 38. g4 Rxa4 39. Kh1 Rc5 40. Kg2 Rc1 41. Rff1 0-1

[Event "ICS Rated blitz match"]
[Site "207.99.83.227"]
[Date "1999.05.17"]
[Round "?"]
[White "rb"]
[Black "Hossa"]
[Result "1-0"]
[WhiteElo "2377"]
[BlackElo "2412"]
[Annotator "Crafty v16.6"]
[PlyCount "165"]

{annotating for player ossa using a scoring margin of +0.20 pawns. search time
limit is 1:00} 1. e4 1... e5 2. Nf3 Nf6 3. Nxe5 d6 4. Nf3 Nxe4 5. d4 Be7 6. Bd3
Nf6 7. O-O O-O 8. Re1 Nc6 9. c3 Bg4 10. h3 Bh5 ({10:-0.43} 10... Bh5 11. g4 Bg6
12. Bxg6 hxg6 13. d5 Na5 14. Qd3 c5 15. dxc6 Nxc6 16. Bg5 $14) ({10:-0.15} 
10... Bd7 11. d5 Nb8 12. Bg5 Re8 13. Bc2 Na6 14. Qd4 Nh5 15. Be3 $10) 11. Be3
Qd7 12. Nbd2 Rae8 13. Qc2 Kh8 14. Bf5 Qd8 15. Qb3 Qb8 ({10:-0.69} 15... Qb8 16.
Bg5 a6 17. g4 Bg6 18. Bxg6 hxg6 19. d5 Na5 20. Qb4 20... b6 $14) ({10:-0.34} 
15... Na5 16. Qb5 c6 17. Qf1 Nd5 18. b4 Nxe3 19. Rxe3 g6 20. Rae1 Kg8 21. bxa5
21... gxf5 $14) 16. Bf4 Bg6 ({8:-0.91} 16... Bg6 17. Bxg6 fxg6 18. Ng5 Nd8 19.
Ne6 Rg8 20. Nxd8 Bxd8 21. d5 $16) ({8:-0.64} 16... a6 17. c4 b5 18. Qa3 Qa7 19.
Qd3 bxc4 20. Qxc4 20... Qb7 $14) 17. Bxg6 fxg6 18. Bg5 Nh5 ({9:-1.17} 18... Nh5
19. Bxe7 Nxe7 20. Ng5 d5 21. Ne6 Rf7 22. Qd1 Nf4 23. Qf3 $16) ({9:-0.73} 18...
Qc8 19. d5 Nd8 20. Nd4 h6 21. Bxf6 Bxf6 22. Qc4 Rxe1+ 23. Rxe1 Bxd4 24. Qxd4
24... Qf5 $16) 19. Bxe7 Nxe7 20. Ng5 d5 21. Qc2 Nf4 ({10:-0.82} 21... Nf4 22.
g3 Nh5 23. Re5 Qc8 24. Nxh7 Kxh7 25. Rxh5+ Kg8 26. Rh4 Qf5 27. Qxf5 27... gxf5
$16) ({10:-0.42} 21... Qc8 22. Ne6 Rf6 23. Qa4 Ng8 24. Nc5 Rxe1+ 25. Rxe1 Qf5
26. Nf3 b6 27. Re5 $14) 22. g3 Nh5 23. Re5 Nf6 24. Ne6 Rg8 ({10:-0.76} 24...
Rg8 25. Rae1 Nc6 26. R5e2 Qc8 27. c4 Nd8 28. cxd5 Nxd5 29. Qc5 29... Qd7 $16) (
{10:-0.50} 24... Rf7 25. b4 Nc6 26. Ng5 Rd7 27. Ree1 Qc8 28. Ndf3 Rde7 29. Qd3
$14) 25. Nf3 Nc6 26. Nfg5 Re7 27. Re2 Rge8 28. Rae1 Qc8 29. Nf4 Rxe2 30. Rxe2
Rxe2 31. Qxe2 Qf5 32. h4 Qb1+ 33. Kh2 h6 34. Nge6 g5 35. hxg5 hxg5 36. Nxg5 Qf5
37. Nge6 g5 38. Nd3 g4 39. Kg1 Ne4 40. Nxc7 Qd7 41. Nb5 a6 42. Na3 Qf5 43. Nf4
b5 44. Nc2 Nf6 45. Qe6 Qxe6 46. Nxe6 Kg8 47. Nc7 a5 48. Ne3 Ne7 49. Nxb5 Kh8
50. b4 a4 51. Nc7 Nc6 52. Ncxd5 Nxd5 53. Nxd5 Kg8 54. Ne3 Nxd4 55. cxd4 Kf7 56.
a3 Ke6 57. Kf1 Kd6 58. Ke2 Ke7 59. Kd3 Kd6 60. Kc4 Ke7 61. Kc5 Kf6 62. Kc6 Ke7
63. Kc7 Kf6 64. b5 Kg6 65. b6 Kf7 66. b7 Kg6 67. d5 Kh6 68. Nxg4+ Kg5 69. f4+
Kxg4 70. b8=Q Kf3 71. Qb5 Ke3 72. Qb6+ Kf3 73. Qb4 Kxg3 74. f5 Kf2 75. Qd4+ Ke1
76. Qh4+ Ke2 77. Qg5 Kf2 78. d6 Ke2 79. d7 Kd3 80. Qf4 Kc3 81. d8=Q Kb3 82.
Qdd2 Kxa3 83. Qfe3# 1-0

[Event "ICS Rated bullet match"]
[Site "207.99.83.227"]
[Date "1999.05.17"]
[Round "?"]
[White "Amateur"]
[Black "Hossa"]
[Result "1-0"]
[WhiteElo "2438"]
[BlackElo "2484"]
[Annotator "Crafty v16.6"]
[PlyCount "123"]

{annotating for player ossa using a scoring margin of +0.20 pawns. search time
limit is 1:00} 1. e4 1... e5 2. Nf3 Nf6 3. Nxe5 Qe7 4. d4 d6 5. Nf3 Qxe4+ 6.
Be3 Ng4 7. Qd2 Nxe3 8. fxe3 Be7 9. Bb5+ Bd7 ({11:-0.33} 9... Bd7 10. Nc3 Qe6
11. d5 Qg4 12. O-O-O c6 13. dxc6 bxc6 14. Bd3 O-O 15. Kb1 $14) ({11:-0.05} 9...
c6 10. Nc3 Qg4 11. Bd3 O-O 12. O-O-O Nd7 13. Rhf1 Qe6 14. Kb1 14... Re8 $10)
10. Nc3 Bh4+ 11. Nxh4 Qxh4+ 12. g3 Qg5 13. Qd3 O-O 14. O-O-O Re8 15. Bxd7 Nxd7
16. Rde1 Rac8 17. Rhf1 Nf6 18. Rf5 Qg6 19. Re2 Ne4 20. Rf4 Nxc3 21. Qxc3 Qe6
22. Qa3 Qd5 23. Ref2 Qh1+ ({9:-0.76} 23... Qh1+ 24. Rf1 Qd5 25. Rxf7 Qxf7 26.
Rxf7 Kxf7 27. Qxa7 b5 28. Kd2 $16) ({9:-0.12} 23... c5 24. Rf5 Qh1+ 25. Rf1 Qe4
26. R5f4 Qxe3+ 27. Qxe3 Rxe3 28. dxc5 Rxc5 29. Rxf7 29... Re2 $10) 24. Kd2 f6 (
{9:-0.36} 24... f6 25. Qb3+ Kh8 26. Qf7 Rf8 27. Qd7 Qb1 28. Rg4 g5 29. Rxf6
Rxf6 30. Qxc8+ $14) ({9:-0.06} 24... Re7 25. Qxa7 c5 26. Qb6 cxd4 27. Qxd4 Qb1
28. Kd3 Qxa2 29. Qxd6 $10) 25. R4f3 b6 26. Qxa7 Qb1 ({11:-0.79} 26... Qb1 27.
Qa3 Ra8 28. Qb3+ Kh8 29. a3 Qg1 30. Rf5 Re7 31. Qc4 Ra5 32. d5 $16) ({11:-0.35
} 26... Kh8 27. Qa4 c5 28. a3 cxd4 29. Qxd4 Qb1 30. c4 Re4 31. Qxb6 Rexc4 32.
Ke2 $14) 27. Qa3 Ra8 28. Qb3+ Kh8 29. a3 Qh1 30. h4 Rac8 31. Qb5 Rcd8 32. Qf1
Qxf1 33. Rxf1 d5 34. Kd3 Rd7 35. g4 Rde7 36. g5 Re4 37. h5 Rh4 38. h6 gxh6 39.
gxf6 b5 40. f7 Rf8 41. b3 Rg4 42. a4 bxa4 43. bxa4 c5 44. dxc5 Rxa4 45. c6 Rc4
46. Rf6 Kg7 47. R1f2 Rh4 48. R6f4 Rh5 49. c7 Rg5 50. c4 Kg6 51. Rf6+ Kg7 52.
Rc6 dxc4+ 53. Kxc4 Rg1 54. Kd5 Rg5+ 55. Kd4 Rg4+ 56. e4 Rg1 57. c8=Q Rd8+ 58.
Ke5 Rg5+ 59. Ke6 Rf8 60. Qxf8+ Kxf8 61. Rc8+ Kg7 62. Rg8# 1-0

[Event "ICS rated blitz match"]
[Site "207.99.83.227"]
[Date "1999.05.17"]
[Round "?"]
[White "MarkOrr"]
[Black "Hossa"]
[Result "0-1"]
[WhiteElo "2175"]
[BlackElo "2388"]
[PlyCount "42"]

1. d4 Nf6 2. Bg5 c5 3. Bxf6 exf6 4. d5 Qb6 5. Qc1 Be7 6. c4 d6 7. Nc3 O-O 8. e3
Nd7 9. Be2 Ne5 10. Nf3 Qb4 11. a3 Nxf3+ 12. gxf3 Qb3 13. Nb5 Kh8 14. O-O a6 15.
Nc3 Bh3 16. Rd1 f5 17. Rd2 f4 18. e4 Bf6 19. Rc2 Rae8 20. Nd1 Re5 21. Rd2 21...
Rg5+ {MarkOrr resigns} 0-1